<?xml version="1.0" encoding="UTF-8"?>
<record
    xmlns:xsi="http://www.w3.org/2001/XMLSchema-instance"
    xsi:schemaLocation="http://www.loc.gov/MARC21/slim http://www.loc.gov/standards/marcxml/schema/MARC21slim.xsd"
    xmlns="http://www.loc.gov/MARC21/slim">

  <leader>00709nam a2200205 i 4500</leader>
  <controlfield tag="003">DO-SdBNP</controlfield>
  <controlfield tag="005">20240229073823.0</controlfield>
  <controlfield tag="007">ta</controlfield>
  <controlfield tag="008">240219b2012    dr ||||| |||| 00| 0 dr  d</controlfield>
  <datafield tag="040" ind1=" " ind2=" ">
    <subfield code="a">DO-SdBNP</subfield>
    <subfield code="b">spa</subfield>
    <subfield code="c">BNPHU </subfield>
    <subfield code="e">rda</subfield>
  </datafield>
  <datafield tag="082" ind1=" " ind2="4">
    <subfield code="2">22</subfield>
  </datafield>
  <datafield tag="100" ind1="1" ind2=" ">
    <subfield code="a">Subero Isa, Jorge A.,</subfield>
    <subfield code="d">1947-</subfield>
    <subfield code="e">autor</subfield>
    <subfield code="9">76863</subfield>
  </datafield>
  <datafield tag="245" ind1="1" ind2="0">
    <subfield code="a">14 a&#xF1;os y la 1ra. Ola de Reforma Judicial 1977-2011 /</subfield>
    <subfield code="c">Jorga A. Subero Isa ; coordinaci&#xF3;n, Dianivel Guzm&#xE1;n Castillo</subfield>
  </datafield>
  <datafield tag="246" ind1="1" ind2="0">
    <subfield code="a">Catorce a&#xF1;os y la primera ola de reforma judicial 1977-2011</subfield>
  </datafield>
  <datafield tag="264" ind1=" " ind2=" ">
    <subfield code="a">Santo Domingo :</subfield>
    <subfield code="b">FINJUS,</subfield>
    <subfield code="c">2012.</subfield>
  </datafield>
  <datafield tag="590" ind1=" " ind2=" ">
    <subfield code="a">Inventariado, 2024/BT</subfield>
  </datafield>
  <datafield tag="700" ind1=" " ind2=" ">
    <subfield code="a">Dianivel Guzm&#xE1;n Castillo,</subfield>
    <subfield code="e">coordinaci&#xF3;n</subfield>
    <subfield code="9">84927</subfield>
  </datafield>
  <datafield tag="910" ind1=" " ind2=" ">
    <subfield code="a">Btav&#xE1;rez</subfield>
  </datafield>
  <datafield tag="942" ind1=" " ind2=" ">
    <subfield code="2">ddc</subfield>
    <subfield code="c">LBS1</subfield>
  </datafield>
  <datafield tag="952" ind1=" " ind2=" ">
    <subfield code="0">0</subfield>
    <subfield code="1">0</subfield>
    <subfield code="2">ddc</subfield>
    <subfield code="5">1</subfield>
    <subfield code="7">0</subfield>
    <subfield code="8">PD</subfield>
    <subfield code="a">BNPHU</subfield>
    <subfield code="b">BNPHU</subfield>
    <subfield code="c">CT</subfield>
    <subfield code="d">2024-02-19</subfield>
    <subfield code="l">0</subfield>
    <subfield code="o">BNPHU PD </subfield>
    <subfield code="p">2024-1131</subfield>
    <subfield code="r">2024-02-19</subfield>
    <subfield code="w">2024-02-19</subfield>
    <subfield code="y">LBS1</subfield>
  </datafield>
  <datafield tag="999" ind1=" " ind2=" ">
    <subfield code="c">55966</subfield>
    <subfield code="d">55966</subfield>
  </datafield>
</record>
